|
|
|
|
| LEADER |
00000nam0a2200000 4500 |
| 001 |
88202 |
| 005 |
20231101213604.0 |
| 010 |
|
|
|a 5884050682
|b (в пер.)
|b 2500 экз.
|
| 021 |
|
|
|a RU
|b 05-43607
|9 05-2154
|
| 035 |
|
|
|a (RuTPU)RU\TPU\book\94682
|
| 090 |
|
|
|a 88202
|
| 100 |
|
|
|a 20051222d2005 k u0rusy5002 ca
|
| 101 |
0 |
|
|a rus
|
| 102 |
|
|
|a RU
|
| 105 |
|
|
|a a z 001zy
|
| 200 |
1 |
|
|a Основы сотовой связи стандарта GSM
|f В. И. Попов
|
| 210 |
|
|
|a Москва
|c Эко-Трендз
|d 2005
|
| 215 |
|
|
|a 292 с.
|c ил.
|d 25 см.
|
| 225 |
1 |
|
|a Инженерная энциклопедия "Технологии электронных коммуникаций"
|
| 320 |
|
|
|a Библиогр.: с. 286-292.
|
| 606 |
1 |
|
|a Сотовая связь
|2 stltpush
|3 (RuTPU)RU\TPU\subj\58934
|9 76616
|
| 610 |
1 |
|
|a сотовая мобильная связь
|
| 610 |
1 |
|
|a мобильные станции
|
| 610 |
1 |
|
|a антенны
|
| 610 |
1 |
|
|a радиоволны
|
| 610 |
1 |
|
|a распространение
|
| 610 |
1 |
|
|a стандарты
|
| 610 |
1 |
|
|a базовые станции
|
| 610 |
1 |
|
|a проектирование
|
| 610 |
1 |
|
|a мониторинг
|
| 610 |
1 |
|
|a системы сотовой связи
|
| 610 |
1 |
|
|a услуги
|
| 610 |
1 |
|
|a безопасность
|
| 610 |
1 |
|
|a управление
|
| 610 |
1 |
|
|a перспективы
|
| 610 |
1 |
|
|a случайные процессы
|
| 610 |
1 |
|
|a случайные величины
|
| 675 |
|
|
|a 621.395.7
|v 3
|z rus
|
| 700 |
|
1 |
|a Попов
|b В. И.
|g Валентин Иванович
|4 070
|
| 801 |
|
0 |
|a RU
|b RKP
|c 20050801
|g PSBO
|
| 801 |
|
1 |
|a RU
|b 63413507
|c 20051222
|g PSBO
|
| 801 |
|
2 |
|a RU
|b 63413507
|c 20130925
|g PSBO
|
| 942 |
|
|
|c BK
|